Word Ladder: A Pirate's Home Quiz Stats

Quiz Updated Sep 29, 2014

Challenge
Share
Tweet
Embed
Score 0/26 Timer 02:00
0 Plays Today
Clue 3-Letter Word % Correct
A rodentRAT
96.5%
Yo ho ho and a bottle of ___RUM
96.3%
Cap'n wears thisHAT
95%
Sail seven o' theseSEA
94%
A pair 'o these in a podPEA
93.4%
Furrow or grooveRUT
91%
I be needin' a stool to do thisSIT
90.4%
Me favorite weaponGUN
89.6%
Wit' [rung 16]: Me wooden body partLEG
89.5%
___ sail fer th' horizon!SET
89%
I commit many o' theseSIN
88.8%
I be needin' this fer me breathGUM
87.2%
Wit' [rung 17]: Me wooden body partPEG
87.2%
Clue 3-Letter Word % Correct
Me favorite type of spiritGIN
87%
Steamin'HOT
86%
Front o' th' shipBOW
78.7%
In what way or mannerHOW
77.3%
Me way of sayin' 'yes'AYE
75.2%
Another word fer 'be'ARE
61.1%
Side o' th' ship that be downwindLEE
57%
A scurvy pirate's favorite letterARR
53.3%
This be fer washin' the decksLYE
51.5%
Towards th' stern o' th' shipAFT
45.7%
Paintings that be in me treasureART
41.9%
Another word fer [Rung 11]ERR
27%
Acronym stands fer the hour on earthERT
18.8%

Today's Daily Dose

You're not logged in!

Compare scores with friends on all Sporcle quizzes.
Join for Free
OR
Log In

You Might Also Like...

Show Comments

Extras

Top Quizzes Today


Score Distribution

Your Account Isn't Verified!

In order to create a playlist on Sporcle, you need to verify the email address you used during registration. Go to your Sporcle Settings to finish the process.

Report this User

Report this user for behavior that violates our Community Guidelines.

Details: